000
00282nam a2200121Ia 4500
005
20250603145827.0
008
250603s9999 xx 000 0 und d
050
_a
KF 60 .A5/
245
4
_a
The all england law reports. [ vol.1 ]
260
_c
1952
300
_a
1400 p
942
_c
BK
999
_c
42976
_d
42976